000 00532nam a2200181 i 4500
001 36994
003 ES-MaACL
005 20230906155501.0
007 t|
008 030219s1912 sp ||||1| spa d
100 1 _aBrugada Mira, Francisco.
_931717
245 1 3 _aEl espectroscopio en medicina /
_cFrancisco Brugada Mira.
260 _aValencia :
_b[s.n.],
_c1912 (
_fImp. Hijos de J. Vives Mora)
300 _a38 p. ;
_c24 cm.
502 _aTesis doctoral.
650 4 _aEspectroscopios.
_9161095
852 _aES-MaACL
_jT-1364-F-6
999 _c36994
_d36994